000 00452nam a2200157Ia 4500
008 160316s1997 xxu||||| |||| 00| 0 eng d
082 _a343.056000
_bNAB
100 _aNabhi
245 _aNew baggage rules in India : Along with customs clearence 1997-98
250 _a
260 _aNew Delhi
_bNabhi Publications
_c1997
300 _a328p
_b
_c
365 _bRs.90/-
650 _a1.Customer Laws - Baggage Clearance - Rules - India
700 _a
_a
999 _c11198
_d11198